Olivia Rodrigo Top 15 Most Popular Songs - Statistics

General Stats
  • This quiz has been taken 150 times
  • The average score is 10 of 15
Answer Stats
Hint Answer % Correct
2.8B drivers license
94%
1.6B vampire
90%
2.24B deja vu
84%
2.29B traitor
84%
2.6B good 4 u
81%
800M brutal
71%
1.6B happier
66%
700M bad idea right
60%
500M lacy
57%
1.2B jealousy jealousy
56%
500M get him back
53%
1.5B favorite crime
48%
1B all i want
47%
633M enough for you
41%
675M 1 step forward 3 steps back
38%
No matching quizzes found
Score Distribution
Percent of People with Each Score
Percentile by Number Answered
Your Score History
You have not taken this quiz